El jardín de las llaves : (Registro nro. 13627)
[ vista simple ]
| 000 -LEADER | |
|---|---|
| fixed length control field | 00817nam a22002537a 4500 |
| 003 - CONTROL NUMBER IDENTIFIER | |
| control field | |
| 005 - DATE AND TIME OF LATEST TRANSACTION | |
| control field | 20251126092908.0 |
| 008 - FIXED-LENGTH DATA ELEMENTS--GENERAL INFORMATION | |
| fixed length control field | 210722b 2021 dr a 00| 0 spad |
| 020 ## - INTERNATIONAL STANDARD BOOK NUMBER | |
| International Standard Book Number | 9789945613698 |
| 040 ## - CATALOGING SOURCE | |
| Original cataloging agency | BPMSU |
| Language of cataloging | spa |
| Transcribing agency | BPMSU |
| 082 ## - DEWEY DECIMAL CLASSIFICATION NUMBER | |
| Classification number | Cu863.44 |
| Item number | A185j 2021 |
| Edition number | 22 |
| 100 1# - MAIN ENTRY--PERSONAL NAME | |
| Personal name | Acosta Matos, Eliades |
| 245 13 - TITLE STATEMENT | |
| Title | El jardín de las llaves : |
| Remainder of title | novela / |
| Statement of responsibility, etc. | Eliades Acosta Matos |
| 260 ## - PUBLICATION, DISTRIBUTION, ETC. (IMPRINT) | |
| Place of publication, distribution, etc. | Santo Domingo : |
| Name of publisher, distributor, etc. | Archivo General de la Nación, |
| Date of publication, distribution, etc. | 2020. |
| 300 ## - PHYSICAL DESCRIPTION | |
| Extent | 176 p. ; |
| Dimensions | 23 cm. |
| 490 0# - SERIES STATEMENT | |
| Series statement | Archivo General de la Nación, |
| Volume/sequential designation | 403 |
| 500 ## - GENERAL NOTE | |
| General note | Incluye datos biográficos del autor en las solapas. |
| 590 ## - LOCAL NOTE (RLIN) | |
| Local note | Inventariado, 2021 /VM<br/><br/> |
| 650 #4 - SUBJECT ADDED ENTRY--TOPICAL TERM | |
| Topical term or geographic name as entry element | Novela cubana |
| 650 #4 - SUBJECT ADDED ENTRY--TOPICAL TERM | |
| Topical term or geographic name as entry element | Literatura cubana |
| 710 2# - ADDED ENTRY--CORPORATE NAME | |
| Corporate name or jurisdiction name as entry element | Archivo General de la Nación (República Dominicana) |
| 910 ## - USER-OPTION DATA (OCLC) | |
| User-option data | VMateo V. |
| 942 ## - ADDED ENTRY ELEMENTS (KOHA) | |
| Source of classification or shelving scheme | Dewey Decimal Classification |
| Koha item type | Libros |
| Withdrawn status | Lost status | Source of classification or shelving scheme | Damaged status | Not for loan | Collection code | Home library | Current library | Date acquired | Source of acquisition | Total Checkouts | Full call number | Barcode | Date last seen | Price effective from | Koha item type | Copy number |
|---|---|---|---|---|---|---|---|---|---|---|---|---|---|---|---|---|
| Dewey Decimal Classification | Colección Dominicana | Biblioteca Pública Metropolitana Salomé Ureña | Biblioteca Pública Metropolitana Salomé Ureña | 08/05/2021 | AGN | BPMSU CD Cu863.44 A185j 2021 | BPMSU21080019 | 08/05/2021 | 08/05/2021 | Libros | ||||||
| Dewey Decimal Classification | Colección Dominicana | Biblioteca Pública Metropolitana Salomé Ureña | Biblioteca Pública Metropolitana Salomé Ureña | 08/05/2021 | AGN | BPMSU CD Cu863.44 A185j 2021 | BPMSU25110107 | 11/26/2025 | 08/05/2021 | Libros | e.2 | |||||
| Dewey Decimal Classification | Colección Dominicana | Biblioteca Pública Metropolitana Salomé Ureña | Biblioteca Pública Metropolitana Salomé Ureña | 08/05/2021 | AGN | BPMSU CD Cu863.44 A185j 2021 | BPMSU26010052 | 01/27/2026 | 08/05/2021 | Libros | e.3 |